000 00996nam0a22002411 4500
001 rc\4294804
005 20130416124224.2
035 _a(NLR Aleph) 008254230
090 _a8355553
_c8355553
100 _a20130416d1964 |||y0rusy50 ca
101 0 _arus
102 _aRU
105 _aa z |||||
200 1 _aСтабилизатор синусоидального напряжения
_fГос. Ком. Совета Министров РСФСР по координации науч.-исслед. работ. Гос. Науч.-исслед. ин-т науч. и техн. информации
210 _aМосква
_cБ. и.
_d1964
215 _a11 с.
_cил.
_d14
225 1 _aПередовой научно-технический и производственный опыт
_v№ 28-64-124/8
700 1 _aБуслович
_bС. Л.
_gСоломон Лейбович
801 0 _aRU
_bNLR
_gpsbo
801 1 _aRU
_bELAR
_2rusmarc
852 _aNLR
_jП11/2295
942 _cBOOK
980 _aNB